000 00536nam a2200181Ia 4500
003 GCL
008 140319s9999 xx 000 0 ara d
040 _aGCL /
_cGCL
082 0 4 _a811,05
_bا ف
100 1 _aاليا الحاوى
245 1 0 _aفن الوصف وتطورة فى الشعر العربى /
_cاليا الحاوى
260 _a[S.N] :
_bدار الكتاب اللبنانى ،
_c1980
300 _a365ص
490 _a
650 0 4 _aالشعر العربى
650 0 4 _aالادب العربى
942 _2ddc
_cBK
999 _c58576
_d58576